| 000 | 01164naa a22003257a 4500 | ||
|---|---|---|---|
| 001 | BR8204365 | ||
| 003 | BR-BrBNA | ||
| 005 | 20240918175136.0 | ||
| 007 | ta | ||
| 008 | 230509b bl.||||| |||| 00| 0 por d | ||
| 040 |
_aBR-BrBNA _bpor _cBiblioteca Nacional de Agricultura |
||
| 041 | _a(Pt) | ||
| 072 |
_aF21; F30 _b1410 _b3920 _b3910 _bG514 |
||
| 090 | _aF21 BR8204365 | ||
| 100 | 1 | _aLovato, P.E. | |
| 100 | 1 | _aPereira, J.C. | |
| 100 | 1 | _aVidor, C. | |
| 111 | 1 |
_a16. Reuniao Tecnica do Feijao _cPorto Alegre, RS (Brazil) _d8 Sep 1982 |
|
| 245 | 1 | _aColonizacao da rizosfera de feijoeiro por mutantes de Rhizobium phaseoli resistentes a antibioticos [Phaseolus vulgaris, Brasil] | |
| 260 | 3 |
_aPorto Alegre, RS (Brasil): _c1982. |
|
| 500 | _aAta da 16. Reuniao Tecnica do Feijao Porto Alegre, RS (Brasil): 1982. p. 113-118 (BR8204365-AM)F21 | ||
| 650 | _aRHIZOBIUM | ||
| 650 | _aANTIBIOTICO | ||
| 650 | _aMUTACAO | ||
| 650 | _aFEIJAO | ||
| 650 | _aVARIEDADE RESISTENTE | ||
| 773 | 0 |
_tAta da 16. Reuniao Tecnica do Feijao _wF21 BR8204365 _gPorto Alegre, RS (Brasil), 1982. p. 113-118 |
|
| 909 |
_a202404 _bLucia _c55 _dLucia Elande |
||
| 942 |
_cAM _2AGRIS |
||
| 999 |
_c315234 _d315234 |
||